The noble scholar, jurist, historian


 His Excellency Dr. Abdul Wahhab bin Ibrahim Abu Sulaiman, may Allah have mercy on him.


 He was born in Umm Al-Qura in the year 1356 AH.

المقامات وباكورة قصص الشطار الإسبانية : (Record no. 12090)

MARC details
000 -LEADER
fixed length control field 02099cam a2200325 i 4500
003 - CONTROL NUMBER IDENTIFIER
control field SA-RiAUC
005 - DATE AND TIME OF LATEST TRANSACTION
control field 20250925080323.0
008 - FIXED-LENGTH DATA ELEMENTS--GENERAL INFORMATION
fixed length control field 250920s1997 su g b 00010 ara c
020 ## - INTERNATIONAL STANDARD BOOK NUMBER
International Standard Book Number 9960780466
040 ## - CATALOGING SOURCE
Original cataloging agency AE-DuCSA
Language of cataloging ara
Transcribing agency SA-RiAUC.
Description conventions rda
082 04 - DEWEY DECIMAL CLASSIFICATION NUMBER
Classification number 809
Assigning agency SA-RiAUC
090 ## - LOCALLY ASSIGNED LC-TYPE CALL NUMBER (OCLC); LOCAL CALL NUMBER (RLIN)
Classification number (OCLC) (R) ; Classification number, CALL (RLIN) (NR) 809
Local cutter number (OCLC) ; Book number/undivided call number, CALL (RLIN) ب م ب
100 1# - MAIN ENTRY--PERSONAL NAME
Personal name البمبي، علي عبد الرؤوف
Relator term مؤلف.
245 12 - TITLE STATEMENT
Title المقامات وباكورة قصص الشطار الإسبانية :
Remainder of title لاثاريو دي تورمس : دراسة مقارنة /
Statement of responsibility, etc. علي عبد الرؤوف البمبي.
264 #1 - PRODUCTION, PUBLICATION, DISTRIBUTION, MANUFACTURE, AND COPYRIGHT NOTICE
Place of production, publication, distribution, manufacture الرياض :
Name of producer, publisher, distributor, manufacturer مؤسسة اليمامة الصحفية،
Date of production, publication, distribution, manufacture, or copyright notice 1997
300 ## - PHYSICAL DESCRIPTION
Extent 169 صفحة ؛
Dimensions 22 سم.
336 ## - CONTENT TYPE
Content type term نص
Content type code txt
Source rdacontent
Materials specified كتاب
337 ## - MEDIA TYPE
Media type term بدون وسيط
Media type code n
Source rdamedia
338 ## - CARRIER TYPE
Carrier type term مجلد
Carrier type code nc
Source rdacarrier
490 0# - SERIES STATEMENT
Series statement كتاب الرياض ؛
Volume/sequential designation 48
500 ## - GENERAL NOTE
General note حياة لاثاريو دي تورمس هى رواية إسبانية كاتبها مجهول.
504 ## - BIBLIOGRAPHY, ETC. NOTE
Bibliography, etc. note يشتمل على إرجاعات ببليوجرافية.
520 ## - SUMMARY, ETC.
Summary, etc. كتاب "المقامات وباكورة قصص الشطار الإسبانية : لاثاريو دي تورمس: دراسة مقارنة" من تأليف علي عبد الرؤوف البمبي، يقدم دراسة مقارنة بين المقامات العربية وقصص الشطار الإسبانية، مع التركيز على رواية "لاثاريو دي تورمس" التي تعتبر من أوائل الروايات في الأدب الإسباني. الكتاب يتناول أوجه التشابه والاختلاف بين الأدبين، ويعكس تأثير الأدب العربي على الأدب الإسباني خلال فترة الأندلس.
600 07 - SUBJECT ADDED ENTRY--PERSONAL NAME
Personal name لاثاريو دي تورمِس
Titles and other words associated with a name شخصية خيالية
Source of heading or term aucnm
650 #7 - SUBJECT ADDED ENTRY--TOPICAL TERM
Topical term or geographic name entry element الأدب المقارن
Source of heading or term aucsh
650 #7 - SUBJECT ADDED ENTRY--TOPICAL TERM
Topical term or geographic name entry element المقامات العربية
General subdivision تاريخ ونقد
Source of heading or term aucsh
650 #7 - SUBJECT ADDED ENTRY--TOPICAL TERM
Topical term or geographic name entry element القصة الإسبانية
General subdivision تاريخ ونقد
Source of heading or term aucsh
942 ## - ADDED ENTRY ELEMENTS (KOHA)
Source of classification or shelving scheme Dewey Decimal Classification
Koha item type Books
Suppress in OPAC No
949 ## - LOCAL PROCESSING INFORMATION (OCLC)
a SA-JeALM
d 250920
u mohamedma123
n 1
Holdings
Withdrawn status Lost status Source of classification or shelving scheme Damaged status Not for loan Home library Current library Date acquired Total checkouts Full call number Barcode Date last seen Price effective from Koha item type
    Dewey Decimal Classification     DR AbdElwahab Library DR AbdElwahab Library 09/25/2025   809 ب م ب 000019460 09/25/2025 09/25/2025 Books